000 00629nam a2200217 a 4500
001 43369
003 BD-RjUL
005 20211209053705.0
008 160621s1965 enka 000 0 eng d
035 _a(BD-RjUL)43487
040 _aDLC
_cDLC
_dEQO
_dBD-RjUL
_beng
041 _aeng
082 _a421.6
_bHIS 1965
100 1 0 _aHill, Lestlie A.
_q(Leslie Alexander)
_9133207
245 1 0 _aStress and intonation step by step /
_cby Leslie A. Hill
260 _aLondon :
_bOxford U.P,
_cc1965
300 _ax,133 p. :
_bill. ;
_c22 cm.
650 0 _aEnglish language
_xIntonation
_9133208
942 _2ddc
_cBK
999 _c43369
_d43369